000 00875nam a22002177a 4500
003 UA-OsUOA
001 89197
007 ta
008 20121102b un ||||| |||| 00| 0 ukr d
100 _aРешетилова О.
090 _a908
_bР47
942 _cSA
040 _aUA-OsUOA
_bukr
_cUA-OsUOA
_dUA-OsUOA
245 _a"Українці, формально будучи співгромадянами, у своїх уявленях живуть у різних державах". Ігор Пасічник - про те, як повернути абітурієнта до українських вишів і досягти "святого спокою" під час передвиборчої кампанії
300 _aС.6
955 _a0
041 _aukr
080 _a908
773 0 _w89196
650 7 _a908 Краєзнавство
_2UDC
999 _c375476
_d375476